LEADER 04016nam 2200673 450 001 9910811617603321 005 20231206222934.0 010 $a1-64461-815-X 010 $a607-618-607-0 010 $a1-78160-390-1 010 $a1-283-95407-9 010 $a1-283-95809-0 035 $a(CKB)2670000000181007 035 $a(EBL)915171 035 $a(OCoLC)793511459 035 $a(SSID)ssj0000668031 035 $a(PQKBManifestationID)11378780 035 $a(PQKBTitleCode)TC0000668031 035 $a(PQKBWorkID)10699067 035 $a(PQKB)10263790 035 $a(SSID)ssj0001056250 035 $a(PQKBManifestationID)11566598 035 $a(PQKBTitleCode)TC0001056250 035 $a(PQKBWorkID)11037254 035 $a(PQKB)11010438 035 $a(MiAaPQ)EBC915174 035 $a(MiAaPQ)EBC5930225 035 $a(EXLCZ)992670000000181007 100 $a20200520d2019 uy 0 101 0 $aspa 135 $aur|n|---||||| 181 $ctxt 182 $cc 183 $acr 200 10$aAntoni Gaudi? $eel ma?ximo exponente de la arquitectura modernista catalana /$fJeremy Roe 210 1$aNew York, New York :$cParkstone International,$d2019. 215 $a1 online resource (208 p.) 225 1 $aTemporis 225 0$aTemporis collection 300 $aDescription based upon print version of record. 311 $a958-30-2640-9 327 $aCONTENTS; Essential Gaudi?; Perspectives on the Life of Antoni Gaudi?; Gaudi?'s Character and Thought; Architecture and Catalan Identity; Religion and Spirituality; Gaudi?'s Death and Barcelona's Tributes to his Life; Gaudi?'s Barcelona; Gaudi? and the Architecture of his Day; Modernisme; Barcelona: The Growth of a Modern City; Theories of Architecture and the Search for a Modern Style; Architecture and Ideology; Gaudi? and the Ideals of the Industrial Age; The Celebration of the Values of Catalonia and Modernity; Preserving Past Values and Practicesthe Modern Era 327 $aShops and Streetlamps: Gaudi?'s Urban ProjectsTransforming Domestic Space; Casa Vicens; El Capricho; Casa de los Botines; Casa Calvet; Bellesguard; Houses for Two Friends and a Painter; Casa Batllo?; Casa Mila?; Gaudi?'s EcclesiasticalArchitecture; Early Studies and Altarpieces; First Church Designs; A New Fac?ade forBarcelona's Cathedral; Two Altarpieces; Representing Ecclesiastical Authority:the Bishop's Palace, Astorga; A Contemplative Style: College for theCompany of St Teresa; The Catholic Missions, Tangier; Two Projects for His Hometown; A Sculptural Installation 327 $aRestoring Tradition in MallorcaUnfinished Projects; The Creative Encounter of Gaudi? and Gu?ell; The First Project: a Dragon for a Country House; The Gu?ell Palace; The Gu?ell Colony Crypt; The Gu?ell Park; The Sagrada Familia; Gaudi?'s Vision; The Nativity Fac?ade; Working on the Sagrada Familia; In the Shadow of the Cathedral: the Sagrada Familia Schools; Biography; List of Illustrations 330 $aThe book undertakes a critical survey of the architecture of Antoni Gaudi?, drawing on the latest academic research and accompanied by documentary illustrations and a photographic essay of his work. The opening two chapters provide an introduction to Gaudi?'s biography and the social and cultural context of Barcelona amidst which he developed his remarkable and original architecture. Following this his work is examined in four detailed chapters. The first two chapters provide a survey of Gaudi?'s development as an architect by tracing the contribution he made to two areas of architecture; firstly 410 0$aTemporis 606 $aArt nouveau (Architecture) 606 $aArts, Catalan 615 0$aArt nouveau (Architecture) 615 0$aArts, Catalan. 676 $a724.91 700 $aRoe$b Jeremy$01514628 801 0$bMiAaPQ 801 1$bMiAaPQ 801 2$bMiAaPQ 906 $aBOOK 912 $a9910811617603321 996 $aAntoni Gaudi?$94031815 997 $aUNINA LEADER 04797nam 22007335 450 001 996333142903316 005 20231110224752.0 010 $a3-11-066656-1 010 $a3-11-066980-3 024 7 $a10.1515/9783110669800 035 $a(CKB)4100000010570068 035 $a(DE-B1597)525780 035 $a(OCoLC)1143828375 035 $a(DE-B1597)9783110669800 035 $a(MiAaPQ)EBC6637628 035 $a(Au-PeEL)EBL6637628 035 $a(OCoLC)1149347090 035 $a(oapen)https://directory.doabooks.org/handle/20.500.12854/80594 035 $a(EXLCZ)994100000010570068 100 $a20200406h20202020 fg 101 0 $aeng 135 $aur||||||||||| 181 $ctxt$2rdacontent 182 $cc$2rdamedia 183 $acr$2rdacarrier 200 04$aThe Early Islamic Empire at Work. $hVolume 1, $iTransregional and Regional Elites - Connecting the Early Islamic Empire /$fHannah-Lena Hagemann, Stefan Heidemann 210 $aBerlin/Boston$cDe Gruyter$d2020 210 1$aBerlin ;$aBoston : $cDe Gruyter, $d[2020] 210 4$dİ2020 215 $a1 online resource (VI, 458 p.) 225 0 $aStudies in the History and Culture of the Middle East ;$v36 311 $a3-11-066648-0 327 $tFrontmatter -- $tTable of Contents -- $tIntroduction: Transregional and Regional Elites - Connecting the Early Islamic Empire -- $tStudying Elites in Early Islamic History: Concepts and Terminology -- $tInsult the Caliph, Marry al-?asan, and Redeem Your Kingdom: Freiheitsgrade of Kind? Elites During the 7th to 9th Century -- $tLandowners in Lower Iraq during the 8th Century: Types and Interplays -- $tThe Rise and Fall of the Early ?Abb?sid Political and Military Elite -- $tWho Were the Mul?k F?rs? -- $tAn Empire of Elites: Mobility in the Early Islamic Empire -- $tPreliminary Notes on the Term and Institution of al-Sh?kiriyya in Early Islam (ca. 14-218 H/635-36-833 CE) Mainly According to the Arabic Sources -- $tKhur?s?n? and Transoxanian Ostikans of Early ?Abb?sid Armenia -- $tThe Governors of al-Sh?m and F?rs in the Early Islamic Empire - A Comparative Regional Perspective -- $tMuslim Elites in the Early Islamic Jaz?ra: The Q???s of ?arr?n, al-Raqqa, and al-Maw?il -- $tChristian Elite Networks in the Jaz?ra, c.730-850 -- $tEstablishing Local Elite Authority in Egypt Through Arbitration and Mediation -- $tThe Civilian Ruling Elite of the ??l?nid-Ikhsh?did Period -- $tConnecting the Ib??? Network in North Africa with the Empire (2nd-3rd/8th-9th Centuries) -- $tIndex of names -- $tIndex of places -- $tIndex of subjects 330 $aTransregional and regional elites of various backgrounds were essential for the integration of diverse regions into the early Islamic Empire, from Central Asia to North Africa. This volume is an important contribution to the conceptualization of the largest empire of Late Antiquity. While previous studies used Iraq as the paradigm for the entire empire, this volume looks at diverse regions instead. After a theoretical introduction to the concept of 'elites' in an early Islamic context, the papers focus on elite structures and networks within selected regions of the Empire (Transoxiana, Khur?s?n, Armenia, F?rs, Iraq, al-Jaz?ra, Syria, Egypt, and Ifr?qiya). The papers analyze elite groups across social, religious, geographical, and professional boundaries. Although each region appears unique at first glance, based on their heterogeneous surviving sources, its physical geography, and its indigenous population and elites, the studies show that they shared certain patterns of governance and interaction, and that this was an important factor for the success of the largest empire of Late Antiquity. 410 0$aStudies in the History and Culture of the Middle East 606 $aAbbasiden 606 $aAbbasids 606 $aEarly Islamic History 606 $aElites 606 $aFrühislamische Geschichte 606 $aUmayyaden 606 $aUmayyads 607 $aIslamic Empire$2fast 610 $aAbbasids. 610 $aEarly Islamic History. 610 $aElites. 610 $aUmayyads. 615 4$aAbbasiden. 615 4$aAbbasids. 615 4$aEarly Islamic History. 615 4$aElites. 615 4$aFrühislamische Geschichte. 615 4$aUmayyaden. 615 4$aUmayyads. 676 $a305.5/209560902 700 $aSijpesteijn$b Petra$4auth$0742186 702 $aHagemann$b Hannah-Lena, $4edt$4http://id.loc.gov/vocabulary/relators/edt 702 $aHeidemann$b Stefan, $4edt$4http://id.loc.gov/vocabulary/relators/edt 801 0$bDE-B1597 801 1$bDE-B1597 906 $aBOOK 912 $a996333142903316 996 $aThe Early Islamic Empire at Work$93396537 997 $aUNISA LEADER 08024nam 2200637Ia 450 001 9910969827103321 005 20251116181636.0 010 $a1-61122-158-7 035 $a(CKB)2550000001041645 035 $a(EBL)3018776 035 $a(SSID)ssj0000852884 035 $a(PQKBManifestationID)12365028 035 $a(PQKBTitleCode)TC0000852884 035 $a(PQKBWorkID)10864493 035 $a(PQKB)10280612 035 $a(MiAaPQ)EBC3018776 035 $a(Au-PeEL)EBL3018776 035 $a(CaPaEBR)ebr10661714 035 $a(OCoLC)831658180 035 $a(BIP)32187374 035 $a(EXLCZ)992550000001041645 100 $a20100810d2011 uy 0 101 0 $aeng 135 $aur|n|---||||| 181 $ctxt 182 $cc 183 $acr 200 00$aCrisis management in Chinese contexts /$fZenobia C.Y. Chan, editor 205 $a1st ed. 210 $aNew York $cNova Science$dc2011 215 $a1 online resource (160 p.) 225 1 $aChina in the 21st century 225 1 $aPublic health in the 21st century 300 $aDescription based upon print version of record. 311 08$a1-61761-609-5 320 $aIncludes bibliographical references and index. 327 $aIntro -- CRISIS MANAGEMENT IN CHINESE CONTEXTS -- CRISIS MANAGEMENT IN CHINESE CONTEXTS -- CONTENTS -- PREFACE -- Chapter 1 CRISIS MANAGEMENT: A CULTURAL PERSPECTIVE -- SUMMARY -- OVERVIEW -- CRISIS MANAGEMENT IN CHINESE CULTURE -- CALL FOR COMMUNICATION -- CONCLUDING REMARKS -- ACKNOWLEDGMENTS -- AUTHOR'S BACKGROUND -- REFERENCES -- Chapter 2 CRISIS MANAGEMENT FOR FINANCIAL TSUNAMI VICTIMS -- SUMMARY -- OVERVIEW -- IMPLICATIONS FOR SOCIAL WORK PRACTICES -- CONCLUDING REMARKS -- THE SECOND AUTHOR'S BACKGROUND -- REFERENCES -- Chapter 3 THE CRISIS MANAGEMENT OF SCHOOL IN HUMAN SWINE INFLUENZA OUTBREAK -- SUMMARY -- INTRODUCTION -- LITERATURE REVIEW -- Reported Cases of Swine Flu Viral Infection -- Potential Dangers of Human Swine Influenza -- Definition of Crisis Management -- ACTION TAKEN -- Crisis Management Team Establishment -- The Hierarchy of the Crisis Management Team: -- The Roles Of Different Team Members -- Crisis Management Response Flow Chart -- Pre-event Action -- On-going eEent Action -- Post-event Action -- a. Checklists for Crisis Management Team -- b. Phone Tree for Immediate Communication -- DISCUSSION -- CONCLUSION -- AUTHOR'S BACKGROUND: -- REFERENCES -- Chapter 4 CRISIS MANAGEMENT IN PREVALENCE OF SEXUALLY TRANSMITTED DISEASES AMONG SECONDARY SCHOOL FEMALES -- SUMMARY -- INTRODUCTION -- BACKGROUND LITERATURE -- PREVENTIVE APPROACH OF CRISIS MANAGEMENT -- PREVENTIVE APPROACH TO THE PREVALENCE OF STDS AMONG SECONDARY SCHOOL FEMALES -- Step 1: Identification of the Weaknesses of Current Circumstances -- Step 2: Reduction to the Risk Factors of Anticipated Crisis -- Step 3: Strengthening of the Capability to Resist Risk Factors of Crisis in the Community -- Step 4: Disposition for Weaknesses of New Circumstances -- PLATFORM CENTRIC APPROACH OF INFORMATION SHARING SYSTEMS LEADS TO SUCESSFUL CRISIS MANAGEMENT PLANS. 327 $aPOSSIBILITY OF IMPLEMENTATION OF THE PLAN -- Indicator 1: Flexibility of Resource Allocation -- Indicator 2: Integration to Organizational Structure -- CONCLUSION -- AUTHOR'S BACKGROUND -- REFERENCES -- Chapter 5 CRISIS MANAGEMENT PLAN FOR MEDICATION INCIDENT IN AN ACUTE HOSPITAL -- SUMMARY -- INTRODUCTION -- LITERATURE REVIEW -- Crisis and Crisis Management -- Medication Incidents -- CASE SCENARIO -- CRISIS MANAGEMENT PLAN FOR MEDICATION INCIDENT IN AN ACUTE HOSPTIAL -- Preventive Phase -- Emergency Phase -- Assessment -- Implementation -- Follow-up -- Consolidation and Reconstruction Phase -- IMPLICATIONS OF THE CRISIS MANAGEMENT PLAN -- CONCLUSION -- AUTHOR'S BACKGROUND -- REFERENCES -- Chapter 6 CRISIS MANAGEMENT PLAN FOR HEALTH FOOD CRISIS AND RECALL PROCEDURES -- SUMMARY -- BACKGROUND -- OBJECTIVE -- LITERATURE REVIEW -- What is Health Food? -- LEGISLATION CONTROL OF HEALTH FOOD IN HONG KONG -- What Crises Have Occurred Before? -- Any Existing Plan? -- ACTION PLAN -- RECALL CONTACT LIST (PRE-CRISIS) -- First Scenario -Check and Stop the Problematic Health Food Before Import to Hong Kong -- Second Scenario - The Food Has Been Imported into Hong Kong, Selling on Retail Level. There is Evidence Confirmation of Undeclared or Non-Permitted Substance Or Quality Failure that Will Seriously Affect the Public -- ASSEMBLE THE RECALL MANAGEMENT TEAM -- 1. Identify All Products to be Recalled -- Public Health Issue -- 2. Implementation of the Recall Plan -- DISCUSSION -- CONCLUSION -- AUTHOR'S BACKGROUND -- REFERENCES -- APPENDIX -- Import Control and Food Safety Guidelines -- Chapter 7 SCHOOL CRISIS MANAGEMENT PLAN FOR ADOLESCENT DRUG ABUSERS -- SUMMARY -- INTRODUCTION -- ADOLESCENT DRUG ABUSE IN HONG KONG -- CRISIS MANAGEMENT -- THE SCHOOL CRISIS MANAGEMENT TEAM -- THE ROLES AND DUTIES OF CRISIS MANAGEMENT TEAM. 327 $aPROCEDURES FOR MANAGING A DRUG RELATED INCIDENT -- PROTECTIVE FACTORS TO FIGHT AGAINST ADOLESCENT DRUG ABUSE -- CONCLUSION -- ABOUT THE AUTHOR -- REFERENCES -- Chapter 8 A CRISIS MANAGEMENT PLAN ABOUT MEDICAL ERRORS: OXYGEN ERRORS -- SUMMARY -- INTRODUCTION -- LITERATURE REVIEW -- Crisis and Crisis Management -- Crisis and Crisis Management in Health Care Sector -- Medical Errors Related to Oxygen Use and Handling -- Case Scenario -- Crisis Management Plan Related to Medical Errors -- PREVENTION PHASE -- EMERGENCY PHASE -- CONSOLIDATION AND RECONSTRUCTION PHASE -- IMPLICATION FOR PUBLIC HEALTH AND HEALTH CARE PROFESSIONALS -- CONCLUSION -- AUTHOR'S BACKGROUND -- REFERENCES -- Chapter 9 CRISIS MANAGEMENT PLAN FOR HANDLING TEACHER SUICIDE -- SUMMARY -- INTRODUCTION -- LITERATURE REVIEW -- Crisis Management -- Overview of Suicide in Hong Kong -- Stress and Teachers in Hong Kong -- CONTENT -- Cases Illustration -- Crisis Management Team -- Crisis Management Plan -- The Pre-Crisis phase -- 1. Prevention -- The Acute Crisis Phase -- 2. Event Occurrence -- 3. Event Observation -- 4. Event Assessment -- 5. Resources Deployment -- 6. Event Reporting -- 7. Event Re-assessment -- IMPLICATIONS FOR CRISIS PREVENTION -- DISCUSSION -- CONCLUSION -- ABOUT THE AUTHOR -- REFERENCES -- Chapter 10 PREPAREDNESS IN LARGE SCALE DRUG RECALL -- SUMMARY -- INTRODUCTION -- Drug Recall System -- Pharmaceutical Incidents in Hong Kong -- SEVERITY OF DRUG RECALL -- PUBLIC RELATIONS IN CRISIS MANAGEMENT -- Crisis Management -- Tylenol Poisoning -- Toyota Recall -- DISCUSSION -- CONCLUSION -- AUTHOR'S BACKGROUND -- REFERENCES -- Chapter 11 CRISIS MANAGEMENT PLAN OF HUMAN SWINE INFLUENZA IN HOSPITAL SETTING -- SUMMARY -- BACKGROUND -- OBJECTIVE -- RATIONALES -- REVIEW OF LITERATURE -- INFECTION IN HUMANS -- MODE OF TRANSMISSION -- SIGN AND SYMPTOMS -- VACCINATION -- TREATMENT. 327 $aSOCIAL IMPACT OF HUMAN SWINE INFLUENZA -- FLOW OF CRISIS MANAGEMENT ACTION PLAN -- INSTANT ASSESSMENT -- SETTING UP A CRISIS MANAGEMENT TEAM -- STRATEGIES -- EVALUATION CRITERIA -- DISCUSSION -- CONCLUSION -- AUTHOR'S BACKGROUND -- REFERENCES -- ABOUT THE EDITOR -- INDEX -- Blank Page. 330 $aCrisis management has been well discussed in many disciplines, but in health care settings little literature has been found to address how crisis management is being implemented with a Chinese cultural sensitivity. This book is a collection of various health related issues with the crisis management perspective in Chinese contexts. 410 0$aChina in the 21st century (Commack, NY) 410 0$aPublic health in the 21st century series. 606 $aDisaster medicine$zChina 606 $aCrisis management$zChina 615 0$aDisaster medicine 615 0$aCrisis management 676 $a362.10951 701 $aChan$b Zenobia C. Y$01866196 801 0$bMiAaPQ 801 1$bMiAaPQ 801 2$bMiAaPQ 906 $aBOOK 912 $a9910969827103321 996 $aCrisis management in Chinese contexts$94479737 997 $aUNINA